CAKAP : Seni Berinteraksi untuk Membentuk Tingkah Laku, Mindset dan Personaliti Anak Generasi Alfa.
| Format: | Book |
|---|
MARC
| LEADER | 00000cam a2200000 7i4500 | ||
|---|---|---|---|
| 001 | 0000326853 | ||
| 005 | 20250819101812.0 | ||
| 007 | t | ||
| 008 | 250819 may | ||
| 020 | |a 9789672705468 | ||
| 040 | |a MBPJ |b eng |c MBPJ |e rda | ||
| 245 | 1 | 0 | |a CAKAP : |b Seni Berinteraksi untuk Membentuk Tingkah Laku, Mindset dan Personaliti Anak Generasi Alfa. |c Zuraidah Shahime |
| 336 | |a text |2 rdacontent | ||
| 337 | |a unmediated |2 rdamedia | ||
| 338 | |a volume |2 rdacarrier | ||
| 999 | |a 00422610 |b BUKU |c PINJAMAN |e PERPUSTAKAAN KOMUNITI CAW KOTA DAMANSARA | ||